Caricamento...
Action and the unseen hand /
| Autore principale: | |
|---|---|
| Natura: | Printed Book |
| Lingua: | English |
| Pubblicazione: |
London:
Faber&Faber,
c1975.
|
| Soggetti: |
| LEADER | 00555 a2200169 4500 | ||
|---|---|---|---|
| 008 | 150103s9999 000 0 eng | ||
| 020 | |a 057110746X | ||
| 082 | |a 812.54 | ||
| 100 | |a Shepard, Sam,1943- | ||
| 245 | |a Action and the unseen hand / | ||
| 260 | |a London: |b Faber&Faber, |c c1975. | ||
| 300 | |a 87 p. | ||
| 505 | |a Action, The Unseen hand | ||
| 650 | |a American drama. | ||
| 942 | |c BK | ||
| 999 | |c 302076 |d 302076 | ||
| 952 | |0 0 |1 0 |2 ddc |4 0 |6 812_540000000000000_SHE_AC |7 0 |9 345468 |a DRA |b DRA |c ST1 |d 2010-09-28 |i 3195 |l 0 |o 812.54 SHE/AC |p DRA3195 |r 2019-01-03 |w 2019-01-03 |y BK | ||